[Event "GBR-ch79"]
[Site "Plymouth"]
[Date "1992.08.04"]
[Round "2.10"]
[White "Milligan, Helen"]
[Black "Lalic, Susan"]
[Result "0-1"]
[WhiteElo "2030"]
[BlackElo "2335"]
[PlyCount "62"]
[EventDate "1992.08.03"]
[EventType "swiss"]
[EventRounds "11"]
[EventCountry "GBR"]
[SourceTitle "BritBase"]
[Source "John Saunders"]
[SourceDate "2020.10.09"]
[SourceVersion "1"]
[SourceVersionDate "2020.10.09"]
[SourceQuality "1"]

1. e4 d5 2. exd5 Nf6 3. Nc3 Nxd5 4. Nf3 Nxc3 5. bxc3 e6 6. d4 Be7 7. Bd3 c5 8.
O-O Nc6 9. Re1 O-O 10. Bf4 Bf6 11. Be5 Nxe5 12. Nxe5 g6 13. Be4 Qc7 14. Rb1 Rb8
15. Rb5 Rd8 16. Qb1 Bxe5 17. dxe5 b6 18. Qc1 Bb7 19. Rb1 Bxe4 20. Rxe4 Rd5 21.
c4 Rd4 22. Qe3 Rbd8 23. Re1 Rxe4 24. Qxe4 Rd4 25. Qe2 Qd7 26. h3 Rd2 27. Qf3
Rxc2 28. Rd1 Rd2 29. Rxd2 Qxd2 30. Qf6 h5 31. g3 b5 0-1

[Event "GBR-ch79"]
[Site "Plymouth"]
[Date "1992.08.04"]
[Round "2.11"]
[White "Levitt, Jonathan"]
[Black "Webster, Andrew"]
[Result "1-0"]
[WhiteElo "2455"]
[BlackElo "2330"]
[PlyCount "69"]
[EventDate "1992.08.03"]
[EventType "swiss"]
[EventRounds "11"]
[EventCountry "GBR"]
[SourceTitle "BritBase"]
[Source "John Saunders"]
[SourceDate "2020.10.09"]
[SourceVersion "1"]
[SourceVersionDate "2020.10.09"]
[SourceQuality "1"]

1. d4 g6 2. e4 Bg7 3. c4 d6 4. Nc3 Nf6 5. f3 Na6 6. Bd3 O-O 7. Nge2 e5 8. d5
Nh5 9. Be3 f5 10. Qd2 Nc5 11. Bc2 a5 12. O-O-O f4 13. Bxc5 dxc5 14. d6 Be6 15.
dxc7 Qxc7 16. Nd5 Qf7 17. Nec3 Bf6 18. Na4 Be7 19. Nxe7+ Qxe7 20. Qd6 Qxd6 21.
Rxd6 Ng7 22. Nxc5 Bxc4 23. Nd7 Bxa2 24. Nxf8 Kxf8 25. b3 a4 26. bxa4 Ke7 27.
Rhd1 Be6 28. Kb2 Rc8 29. Rb6 Rc7 30. Rb5 Kf6 31. Rd6 Ne8 32. Rdb6 Rd7 33. Bb3
Nd6 34. Bxe6 Kxe6 35. Rd5 1-0

[Event "GBR-ch79"]
[Site "Plymouth"]
[Date "1992.08.04"]
[Round "2.17"]
[White "Small, Simon"]
[Black "Britton, Richard"]
[Result "1-0"]
[WhiteElo "2245"]
[BlackElo "2275"]
[PlyCount "67"]
[EventDate "1992.08.03"]
[EventType "swiss"]
[EventRounds "11"]
[EventCountry "GBR"]
[SourceTitle "BritBase"]
[Source "John Saunders"]
[SourceDate "2020.10.09"]
[SourceVersion "1"]
[SourceVersionDate "2020.10.09"]
[SourceQuality "1"]

1. d4 Nf6 2. Nf3 g6 3. g3 Bg7 4. Bg2 O-O 5. O-O d6 6. c3 Nbd7 7. Nbd2 c5 8. e4
e5 $6 9. dxe5 dxe5 10. Qc2 $14 b6 11. Re1 Qc7 12. Nc4 b5 13. Ne3 Bb7 14. Nd2 c4
15. b3 cxb3 16. axb3 Rfc8 17. Bb2 Bf8 18. Red1 Bc5 $10 19. Qd3 Qb6 20. Ndf1
Bxe3 21. Nxe3 Nc5 22. Qe2 Nxb3 23. Rab1 Nxe4 24. Nd5 Bxd5 25. Rxd5 Nec5 26. c4
$1 e4 27. cxb5 a6 28. Qe3 f6 29. Ba3 Qe6 30. Rxc5 Nxc5 31. Bxc5 axb5 32. Bxe4
Rxc5 33. Bxa8 Re5 34. Qb3 1-0

[Event "GBR-ch79"]
[Site "Plymouth"]
[Date "1992.08.04"]
[Round "2.18"]
[White "Crouch, Colin S"]
[Black "Smith, Andrew Philip"]
[Result "1/2-1/2"]
[WhiteElo "2425"]
[BlackElo "2240"]
[PlyCount "58"]
[EventDate "1992.08.03"]
[EventType "swiss"]
[EventRounds "11"]
[EventCountry "GBR"]
[SourceTitle "BritBase"]
[Source "John Saunders"]
[SourceDate "2020.10.09"]
[SourceVersion "1"]
[SourceVersionDate "2020.10.09"]
[SourceQuality "1"]

1. d4 Nf6 2. c4 c5 3. d5 b5 4. cxb5 a6 5. b6 Qxb6 6. Nc3 e6 7. e4 Bb7 8. Nf3 g6
9. Ne5 Qc7 10. Nc4 exd5 11. exd5 d6 12. g3 Be7 13. Bg2 O-O 14. O-O Nbd7 15. b3
Rfe8 16. Bb2 Bf8 17. Qd2 Ne5 18. f4 Nxc4 19. bxc4 Bc8 20. f5 Bg7 21. fxg6 fxg6
22. Rae1 Bf5 23. h3 h5 24. Kh2 Rab8 25. Ba1 Qd7 26. Rxe8+ Rxe8 27. Re1 Re7 28.
Nd1 Rxe1 29. Qxe1 Qe8 1/2-1/2

[Event "GBR-ch79"]
[Site "Plymouth"]
[Date "1992.08.04"]
[Round "2.19"]
[White "Hennigan, Michael T"]
[Black "Hamid, Rani"]
[Result "1-0"]
[WhiteElo "2400"]
[BlackElo "2135"]
[PlyCount "59"]
[EventDate "1992.08.03"]
[EventType "swiss"]
[EventRounds "11"]
[EventCountry "GBR"]
[SourceTitle "BritBase"]
[Source "John Saunders"]
[SourceDate "2020.10.09"]
[SourceVersion "1"]
[SourceVersionDate "2020.10.09"]
[SourceQuality "1"]

1. e4 c5 2. Nf3 e6 3. d4 cxd4 4. Nxd4 a6 5. Bd3 Nf6 6. O-O d6 7. Nc3 Be7 8. Kh1
Qc7 9. f4 O-O 10. a4 Nc6 11. Be3 Bd7 12. Qf3 Rac8 13. Rae1 Nb4 14. g4 Ne8 15.
g5 f6 16. Qh3 e5 17. Ne6 Qc6 18. f5 Bxe6 19. fxe6 Nc7 20. Rg1 fxg5 21. Bxg5
Nxd3 22. cxd3 Bxg5 23. Rxg5 Rce8 24. Rh5 Nxe6 25. Rxh7 Nf4 26. Rg1 Qc7 27. Rh8+
Kf7 28. Qf5+ Ke7 29. Rxg7+ Kd8 30. Rxc7 1-0

[Event "GBR-ch79"]
[Site "Plymouth"]
[Date "1992.08.04"]
[Round "2.20"]
[White "Coleman, David"]
[Black "Walker, David"]
[Result "0-1"]
[WhiteElo "2235"]
[BlackElo "2320"]
[PlyCount "96"]
[EventDate "1992.08.03"]
[EventType "swiss"]
[EventRounds "11"]
[EventCountry "GBR"]
[SourceTitle "BritBase"]
[Source "John Saunders"]
[SourceDate "2020.10.09"]
[SourceVersion "1"]
[SourceVersionDate "2020.10.09"]
[SourceQuality "1"]

1. e4 g6 2. d4 Bg7 3. Nc3 c6 4. f4 d5 5. e5 h5 6. Nf3 Nh6 7. Be3 Bg4 8. Be2 e6
9. Qd2 Nd7 10. g3 b5 11. h3 Bf5 12. Nd1 Nb6 13. b3 Be4 14. Rg1 Bxf3 15. Bxf3
Nf5 16. Bf2 Qd7 17. Nb2 Bf8 18. Ke2 Ba3 19. Nd3 Qe7 20. Rae1 O-O-O 21. Qa5 Kb8
22. Ra1 b4 23. g4 hxg4 24. hxg4 Nh4 25. Be1 Nxf3 26. Kxf3 Rh2 27. Bxb4 Bxb4 28.
Nxb4 Qh4 29. Rg3 Rh3 30. Rag1 Rxg3+ 31. Rxg3 Qh1+ 32. Rg2 Rh8 33. Nd3 Rh3+ 34.
Kf2 Qd1 35. Ne1 Qxd4+ 36. Ke2 Qe4+ 37. Kd1 Qxf4 38. Qc5 Qxe5 39. Qf8+ Nc8 40.
Qxf7 Qa1+ 41. Ke2 Rh1 42. Qf4+ Ka8 43. Qb4 c5 44. Qa5 Qe5+ 45. Kd1 Qd4+ 46. Ke2
Qe4+ 47. Kf2 Qf4+ 48. Nf3 Rh3 0-1

[Event "GBR-ch79"]
[Site "Plymouth"]
[Date "1992.08.05"]
[Round "3.1"]
[White "Lalic, Susan"]
[Black "Hodgson, Julian M"]
[Result "0-1"]
[WhiteElo "2335"]
[BlackElo "2555"]
[Annotator "Bulletin"]
[PlyCount "84"]
[EventDate "1992.08.03"]
[EventType "swiss"]
[EventRounds "11"]
[EventCountry "GBR"]
[SourceTitle "BritBase"]
[Source "John Saunders"]
[SourceDate "2020.10.09"]
[SourceVersion "1"]
[SourceVersionDate "2020.10.09"]
[SourceQuality "1"]

1. e4 c5 2. c3 e6 3. d4 d5 4. e5 Nc6 5. Nf3 Bd7 6. Be2 Nge7 7. Na3 Ng6 8. Nc2
Be7 9. O-O O-O 10. Be3 Kh8 11. Nd2 $6 Qb6 12. Rb1 f6 13. f4 Nh4 $1 $15 14. Nf3
Nxf3+ 15. Rxf3 fxe5 16. fxe5 Rxf3 17. Bxf3 Be8 {[ /\ Bg6 -/+ ]} 18. Bh5 cxd4
19. cxd4 Bxh5 20. Qxh5 Qa6 $1 $17 21. Rf1 $1 {[ The best practical chance,
White sacrifices two pawns and comes close to saving the game. 21.a3 Qd3 was
unpleasant ]} Qxa2 22. Qf7 Qxb2 23. Bg5 Qxc2 (23... Bxg5 $4 24. Qf8+ $18) 24.
Bxe7 Nxe7 25. Qxe7 Qc8 26. Rf7 {[#] [ The high point of White's counterplay,
but Black has an excellent riposte going passive with 26..Qg8 allows lines
like 27.Qxb7 a5 28.Rxg7! ]} Qc1+ $1 27. Kf2 Qc2+ 28. Kg3 (28. Ke1 Qe4+ 29. Kf2
h6 30. Rxg7 Rc8 $19) 28... Qg6+ {[ The rest is very easy ]} 29. Kh3 Qh6+ 30.
Kg4 Rg8 31. g3 a5 32. h4 Qg6+ 33. Kh3 b5 34. g4 h6 35. h5 Qd3+ 36. Kg2 Qe4+ 37.
Kg3 Rc8 38. Rf3 Rc1 39. Qxe6 Qe1+ 40. Kh3 Qh1+ 41. Kg3 Rg1+ 42. Kf4 Qh2+ 0-1

[Event "GBR-ch79"]
[Site "Plymouth"]
[Date "1992.08.05"]
[Round "3.2"]
[White "Bibby, Simon"]
[Black "Mestel, A Jonathan"]
[Result "0-1"]
[WhiteElo "2285"]
[BlackElo "2510"]
[PlyCount "58"]
[EventDate "1992.08.03"]
[EventType "swiss"]
[EventRounds "11"]
[EventCountry "GBR"]
[SourceTitle "BritBase"]
[Source "John Saunders"]
[SourceDate "2020.10.09"]
[SourceVersion "1"]
[SourceVersionDate "2020.10.09"]
[SourceQuality "1"]

1. d4 d6 2. e4 g6 3. Nc3 c6 4. Be3 Bg7 5. Qd2 b5 6. f3 Nd7 {[ Black plays the
modern move order delaying ..Nf6 to prevent Bh6 etc. Mestel was hoping to lure
Black into an unsound attack and he succeeds ]} 7. g4 $5 {[ A common enough
move but h4 first is a better bet. Black realises White might be intending h4
and that is a positional error since it can be met by ..h5 so cunningly Black
does nothing to deflect White from his plan ]} Rb8 8. h4 $6 h5 $1 9. g5 e6 10.
f4 b4 11. Nce2 Ne7 12. Ng3 {[ Now White goes for f5 ]} c5 13. Nf3 Bb7 14. Bd3
O-O {[ White is totally becalmed and his king has nowhere safe to go. The pin
on the b7 h1 diagonal prevents f5 and Black's queen side play is taking over ]}
15. c3 bxc3 16. bxc3 cxd4 17. cxd4 Nc5 $1 18. O-O {[ Now White is cut up by
two bishops but 18.Bc2 Ba6 was not palatable either ]} Nxd3 19. Qxd3 Qa5 20.
Bd2 Qa4 21. Rfc1 Ba6 22. Qe3 Rfc8 23. Bc3 Rc7 24. Ne2 Rbc8 25. Bb2 Rc2 26. Nc3
R8xc3 $1 {[#]} 27. Bxc3 Re2 28. Bd2 Rxe3 29. Bxe3 Be2 0-1

[Event "GBR-ch79"]
[Site "Plymouth"]
[Date "1992.08.05"]
[Round "3.3"]
[White "Hebden, Mark L"]
[Black "Summerscale, Aaron"]
[Result "1-0"]
[WhiteElo "2510"]
[BlackElo "2305"]
[Annotator "Bulletin"]
[PlyCount "105"]
[EventDate "1992.08.03"]
[EventType "swiss"]
[EventRounds "11"]
[EventCountry "GBR"]
[SourceTitle "BritBase"]
[Source "John Saunders"]
[SourceDate "2020.10.09"]
[SourceVersion "1"]
[SourceVersionDate "2020.10.09"]
[SourceQuality "1"]

1. e4 c5 2. Nf3 Nc6 3. Nc3 Nf6 4. Bb5 g6 5. h3 {[ /\ e5 ]} Qc7 6. O-O Bg7 7.
Re1 a6 8. e5 $1 axb5 9. Nxb5 $1 Qb6 10. Nd6+ Kf8 11. exf6 Bxf6 12. Nc4 Qd8 13.
d4 {[ Although the Rh8 is out of play the rest of Black's position is quite
good he will have two bishops, centre pawns, and queenside files. White must
play for the initiative. ]} cxd4 14. Bh6+ Kg8 (14... Bg7 15. Bxg7+ Kxg7 16.
Nxd4 $16) 15. Nce5 d6 16. Nxc6 bxc6 17. Nxd4 Bd7 18. c3 c5 19. Nf3 Bc6 20. Nh2
Ra7 21. Qd2 Bg7 22. Ng4 Bxh6 23. Qxh6 Qf8 24. Qf4 h5 25. Ne3 Qg7 26. Qc4 Qf6 {
[ Black is on the verge of extricating himself so White initiates some more
tactics ]} 27. b4 Ra3 28. b5 $1 Bb7 (28... Rxc3 29. Qa4 Bb7 30. Qa7 $18) 29.
Nd5 Qg5 {[ A very brave move missed by the commentary room, 29..Bxd5 30.Qxd5
Kg7 idea 31.b6 Rb8 was also playable ]} 30. Nxe7+ Kg7 31. Nc6 Bxc6 32. bxc6 Rc8
33. Qb5 Qd5 $2 {[ A shame, after great defence Black, in time pressure, misses
a cheapo. ]} (33... Ra7 $1 {[ /\ Rbc7 or Qd5 should be OK for Black ]}) 34. c4
$1 {[#] [ /\ Qb2+ +- ]} Qd4 35. Rad1 Qf6 36. Re2 $1 $16 (36. Rxd6 Qxd6 37. Qb2+
Qd4 38. Qxa3 Rxc6 {[ Is much better for Black than the game ]}) 36... Ra7 37.
Red2 Re7 38. Rxd6 Re1+ 39. Rxe1 Qxd6 40. a4 Rxc6 41. a5 Ra6 42. g3 Qd2 43. Ra1
Rf6 44. Qxc5 Qc3 45. Qa3 Qd4 46. Ra2 h4 47. g4 Qxc4 48. Qb2 Qd3 49. Ra1 Qxh3
50. Qd4 g5 51. a6 Kg6 52. a7 Rf4 53. Qxf4 $1 1-0

[Event "GBR-ch79"]
[Site "Plymouth"]
[Date "1992.08.05"]
[Round "3.4"]
[White "Howell, James C"]
[Black "Ledger, Andrew"]
[Result "1/2-1/2"]
[WhiteElo "2465"]
[BlackElo "2335"]
[PlyCount "29"]
[EventDate "1992.08.03"]
[EventType "swiss"]
[EventRounds "11"]
[EventCountry "GBR"]
[SourceTitle "BritBase"]
[Source "John Saunders"]
[SourceDate "2020.10.09"]
[SourceVersion "1"]
[SourceVersionDate "2020.10.09"]
[SourceQuality "1"]

1. e4 c6 2. d4 d5 3. exd5 cxd5 4. c4 Nf6 5. Nc3 g6 6. Qb3 Bg7 7. cxd5 O-O 8.
Nge2 Nbd7 9. g3 Nb6 10. Bg2 Bf5 11. O-O Qd7 12. Re1 Bd3 13. Nf4 Bc4 14. Qb4
Rfe8 15. d6 1/2-1/2

[Event "GBR-ch79"]
[Site "Plymouth"]
[Date "1992.08.05"]
[Round "3.5"]
[White "Mortazavi, Ali"]
[Black "Arkell, Keith C"]
[Result "1-0"]
[WhiteElo "2320"]
[BlackElo "2460"]
[PlyCount "57"]
[EventDate "1992.08.03"]
[EventType "swiss"]
[EventRounds "11"]
[EventCountry "GBR"]
[SourceTitle "BritBase"]
[Source "John Saunders"]
[SourceDate "2020.10.09"]
[SourceVersion "1"]
[SourceVersionDate "2020.10.09"]
[SourceQuality "1"]

1. d4 Nf6 2. Nf3 e6 3. e3 c5 4. Bd3 Be7 5. O-O O-O 6. b3 cxd4 7. exd4 d6 8. Bb2
b6 9. Nbd2 Bb7 10. c4 Nbd7 11. Re1 Re8 12. Rc1 a6 13. Bb1 b5 14. a4 bxc4 15.
bxc4 a5 16. Bc3 Nb8 17. Qc2 Na6 18. Ng5 h6 19. Nxf7 Kxf7 20. Qg6+ Kg8 21. Rxe6
Bf8 22. Rxf6 Qxf6 23. Qh7+ Kf7 24. d5 Qg5 25. h4 Qh5 26. Nf3 Re5 27. Bxe5 dxe5
28. Bg6+ Qxg6 29. Nxe5+ 1-0

[Event "GBR-ch79"]
[Site "Plymouth"]
[Date "1992.08.05"]
[Round "3.6"]
[White "James, David J"]
[Black "Levitt, Jonathan"]
[Result "1/2-1/2"]
[WhiteElo "2300"]
[BlackElo "2455"]
[PlyCount "63"]
[EventDate "1992.08.03"]
[EventType "swiss"]
[EventRounds "11"]
[EventCountry "GBR"]
[SourceTitle "BritBase"]
[Source "John Saunders"]
[SourceDate "2020.10.09"]
[SourceVersion "1"]
[SourceVersionDate "2020.10.09"]
[SourceQuality "1"]

1. d4 d5 2. c4 c6 3. Nf3 Nf6 4. Nc3 a6 5. e3 b5 6. b3 Bg4 7. Be2 e6 8. O-O Nbd7
9. a4 bxc4 10. bxc4 Bb4 11. Bd2 Qa5 12. Nb1 Ne4 13. Bxb4 Qxb4 14. Qc2 O-O 15.
Bd3 Bxf3 16. gxf3 Nef6 17. cxd5 cxd5 18. f4 Rfc8 19. Qe2 a5 20. Nd2 Rab8 21.
Rfb1 Qc3 22. Bb5 g6 23. Qd1 Nb6 24. Rc1 Qb4 25. Rab1 Qe7 26. Nb3 Ne4 27. Qe1
Qh4 28. Nc5 Qg4+ 29. Kf1 Qh3+ 30. Kg1 Qg4+ 31. Kf1 Qh3+ 32. Kg1 1/2-1/2

[Event "GBR-ch79"]
[Site "Plymouth"]
[Date "1992.08.05"]
[Round "3.8"]
[White "Kumaran, Dharshan"]
[Black "Rossiter, Philip J"]
[Result "0-1"]
[WhiteElo "2380"]
[BlackElo "2280"]
[PlyCount "68"]
[EventDate "1992.08.03"]
[EventType "swiss"]
[EventRounds "11"]
[EventCountry "GBR"]
[SourceTitle "BritBase"]
[Source "John Saunders"]
[SourceDate "2020.10.09"]
[SourceVersion "1"]
[SourceVersionDate "2020.10.09"]
[SourceQuality "1"]

1. d4 d5 2. c4 e6 3. Nc3 c5 4. cxd5 exd5 5. Nf3 Nc6 6. g3 Nf6 7. Bg2 Be7 8. O-O
O-O 9. Bg5 cxd4 10. Nxd4 h6 11. Be3 Re8 12. Rc1 Bf8 13. Qa4 Na5 14. Rcd1 Bd7
15. Qc2 Rc8 16. Nb3 Nc4 17. Bd4 Ne4 18. Qb1 Bf5 19. Nxe4 Bxe4 20. Bxe4 Rxe4 21.
Qd3 Qe8 22. e3 Qa4 23. Rc1 Ree8 24. a3 Qd7 25. Rfd1 b5 26. Bc3 Rcd8 27. Nd4 a6
28. Ne2 Bc5 29. Bd4 Bxd4 30. Qxd4 Ne5 31. Qf4 g5 32. Qf6 Qh3 33. Rc7 Rd6 34.
Qxd6 Nf3+ 0-1

[Event "GBR-ch79"]
[Site "Plymouth"]
[Date "1992.08.05"]
[Round "3.9"]
[White "Knox, David"]
[Black "Basman, Michael J"]
[Result "0-1"]
[WhiteElo "2230"]
[BlackElo "2365"]
[PlyCount "42"]
[EventDate "1992.08.03"]
[EventType "swiss"]
[EventRounds "11"]
[EventCountry "GBR"]
[SourceTitle "BritBase"]
[Source "John Saunders"]
[SourceDate "2020.10.09"]
[SourceVersion "1"]
[SourceVersionDate "2020.10.09"]
[SourceQuality "1"]

1. e4 h6 2. d4 c5 3. Nf3 cxd4 4. Nxd4 a6 5. c4 e6 6. Nc3 b6 7. a3 Bb7 8. Be3
Qc7 9. Be2 Nf6 10. Qc2 d6 11. O-O Nbd7 12. f4 Be7 13. Rac1 Nc5 14. Bf3 g5 15.
g3 gxf4 16. gxf4 Ng4 17. Bd2 Bf6 18. Nce2 Rg8 19. Kh1 Bxd4 20. Nxd4 Qe7 21. b4
Nxh2 0-1

[Event "GBR-ch79"]
[Site "Plymouth"]
[Date "1992.08.05"]
[Round "3.11"]
[White "Small, Simon"]
[Black "Tozer, Richard"]
[Result "1-0"]
[WhiteElo "2245"]
[BlackElo "2340"]
[PlyCount "81"]
[EventDate "1992.08.03"]
[EventType "swiss"]
[EventRounds "11"]
[EventCountry "GBR"]
[SourceTitle "BritBase"]
[Source "John Saunders"]
[SourceDate "2020.10.09"]
[SourceVersion "1"]
[SourceVersionDate "2020.10.09"]
[SourceQuality "1"]

1. d4 f5 2. c4 Nf6 3. Nc3 g6 4. Nf3 Bg7 5. e3 O-O 6. Be2 d6 7. O-O Nc6 8. d5
Ne5 9. Nxe5 dxe5 10. e4 fxe4 11. Be3 Bf5 12. c5 Kh8 13. g4 Bd7 14. g5 Nh5 15.
Nxe4 Nf4 16. Bg4 Bxg4 17. Qxg4 Qxd5 18. Nc3 Qc6 19. Rad1 e6 20. Rd2 Rad8 21.
Rfd1 Rxd2 22. Rxd2 a5 23. h4 Kg8 24. b3 b6 25. f3 bxc5 26. Ne4 c4 27. bxc4 Qxc4
28. Kh2 Kh8 29. Bf2 a4 30. Bg1 a3 31. Bc5 Ra8 32. Be7 Qf1 33. Nf6 Bxf6 34.
Bxf6+ Kg8 35. Bxe5 Qe1 36. Qxf4 Rf8 37. Bf6 Rb8 38. Qd4 Rf8 39. Qf2 Qb1 40. Qe3
Re8 41. Bc3 1-0

[Event "GBR-ch79"]
[Site "Plymouth"]
[Date "1992.08.05"]
[Round "3.12"]
[White "Emms, John M"]
[Black "Ryan, Joseph"]
[Result "1-0"]
[WhiteElo "2455"]
[BlackElo "2275"]
[PlyCount "77"]
[EventDate "1992.08.03"]
[EventType "swiss"]
[EventRounds "11"]
[EventCountry "GBR"]
[SourceTitle "BritBase"]
[Source "John Saunders"]
[SourceDate "2020.10.09"]
[SourceVersion "1"]
[SourceVersionDate "2020.10.09"]
[SourceQuality "1"]

1. e4 d5 2. exd5 Qxd5 3. Nc3 Qa5 4. d4 Nf6 5. Nf3 Bf5 6. Bc4 e6 7. Bd2 c6 8.
Qe2 Bb4 9. Ne5 Nbd7 10. Nxd7 Kxd7 11. O-O-O Rad8 12. a3 Bxc3 13. Bxc3 Qc7 14.
f3 Kc8 15. g4 Bg6 16. Be1 Nd5 17. Bg3 Qb6 18. Rhe1 Rhe8 19. h4 h5 20. Bd3 hxg4
21. Bxg6 gxf3 22. Qxf3 fxg6 23. Qg4 Nf6 24. Qxg6 Rxd4 25. Qxg7 Rg4 26. Qxf6
Rxg3 27. Rxe6 Re3 28. Rxe8+ Rxe8 29. h5 Qe3+ 30. Kb1 Qe2 31. Qf5+ Kb8 32. Rh1
Qg2 33. Rh3 Re1+ 34. Ka2 Qg1 35. Qg4 Kc7 36. Qf4+ Kc8 37. Qg4+ Kd8 38. Qh4+ Re7
39. Re3 1-0

[Event "GBR-ch79"]
[Site "Plymouth"]
[Date "1992.08.05"]
[Round "3.13"]
[White "Ward, Christopher R"]
[Black "Griffiths, Paul V"]
[Result "1-0"]
[WhiteElo "2440"]
[BlackElo "2260"]
[PlyCount "49"]
[EventDate "1992.08.03"]
[EventType "swiss"]
[EventRounds "11"]
[EventCountry "GBR"]
[SourceTitle "BritBase"]
[Source "John Saunders"]
[SourceDate "2020.10.09"]
[SourceVersion "1"]
[SourceVersionDate "2020.10.09"]
[SourceQuality "1"]

1. d4 Nf6 2. c4 e6 3. Nc3 Bb4 4. g3 O-O 5. Bg2 c5 6. Nf3 Nc6 7. O-O d6 8. d5
Ne7 9. Nh4 Bxc3 10. bxc3 e5 11. e4 Nd7 12. Qd3 a6 13. a4 a5 14. f4 f6 15. Bh3
Nb6 16. Be6+ Kh8 17. f5 Qe8 18. g4 g5 19. Nf3 Ng8 20. h4 gxh4 21. Rf2 Qe7 22.
Rh2 Qg7 23. Raa2 Bxe6 24. dxe6 Ne7 25. Rxh4 1-0

[Event "GBR-ch79"]
[Site "Plymouth"]
[Date "1992.08.05"]
[Round "3.14"]
[White "Smith, Andrew Philip"]
[Black "Hennigan, Michael T"]
[Result "0-1"]
[WhiteElo "2240"]
[BlackElo "2400"]
[PlyCount "70"]
[EventDate "1992.08.03"]
[EventType "swiss"]
[EventRounds "11"]
[EventCountry "GBR"]
[SourceTitle "BritBase"]
[Source "John Saunders"]
[SourceDate "2020.10.09"]
[SourceVersion "1"]
[SourceVersionDate "2020.10.09"]
[SourceQuality "1"]

1. e4 g6 2. d4 Bg7 3. Nc3 d6 4. Be3 c6 5. Qd2 b5 6. Bd3 Nd7 7. a4 b4 8. Nd1 a5
9. Nf3 Qc7 10. O-O c5 11. dxc5 dxc5 12. Bb5 Ba6 13. Qd5 Bb7 14. Qxc5 Qxc5 15.
Bxc5 Ngf6 16. Ne5 O-O-O 17. Nxd7 Nxd7 18. Bxe7 Rde8 19. Bd6 Rxe4 20. c3 b3 21.
Ne3 Rd8 22. Nc4 Rxc4 23. Bxc4 Nb6 24. Bxb3 Rxd6 25. Bxf7 Nd7 26. Rad1 Rb6 27.
Be8 Ne5 28. Bb5 g5 29. Rfe1 g4 30. h3 gxh3 31. f4 Rg6 32. Re2 Nf3+ 33. Kf2 hxg2
34. Re8+ Kc7 35. Re7+ Kb6 0-1

[Event "GBR-ch79"]
[Site "Plymouth"]
[Date "1992.08.05"]
[Round "3.15"]
[White "Webster, Andrew"]
[Black "Daly, Colm"]
[Result "1-0"]
[WhiteElo "2330"]
[BlackElo "2235"]
[PlyCount "61"]
[EventDate "1992.08.03"]
[EventType "swiss"]
[EventRounds "11"]
[EventCountry "GBR"]
[SourceTitle "BritBase"]
[Source "John Saunders"]
[SourceDate "2020.10.09"]
[SourceVersion "1"]
[SourceVersionDate "2020.10.09"]
[SourceQuality "1"]

1. c4 g6 2. g3 Bg7 3. Bg2 d6 4. Nc3 Nf6 5. e3 O-O 6. Nge2 e5 7. O-O Nc6 8. d3
Rb8 9. Bd2 h5 10. h3 Be6 11. Nd5 Qd7 12. Kh2 Nh7 13. Rc1 Nd8 14. e4 c6 15. Ne3
h4 16. gxh4 Qe7 17. h5 Qh4 18. Be1 Qxh5 19. f4 exf4 20. Nxf4 Qe5 21. Bc3 Qg5
22. Bxg7 Kxg7 23. d4 c5 24. d5 Bd7 25. Qe1 Re8 26. Qa5 Nf6 27. Qc7 Nxe4 28.
Bxe4 Rxe4 29. Neg2 Nc6 30. Qxd7 Ne5 31. Ne6+ 1-0

[Event "GBR-ch79"]
[Site "Plymouth"]
[Date "1992.08.05"]
[Round "3.16"]
[White "Walker, David"]
[Black "Willmoth, Robert"]
[Result "1/2-1/2"]
[WhiteElo "2320"]
[BlackElo "2215"]
[PlyCount "71"]
[EventDate "1992.08.03"]
[EventType "swiss"]
[EventRounds "11"]
[EventCountry "GBR"]
[SourceTitle "BritBase"]
[Source "John Saunders"]
[SourceDate "2020.10.09"]
[SourceVersion "1"]
[SourceVersionDate "2020.10.09"]
[SourceQuality "1"]

1. d4 d5 2. Nf3 Nf6 3. c4 e6 4. Nc3 Be7 5. Bg5 Nbd7 6. e3 O-O 7. Qc2 dxc4 8.
Bxc4 b6 9. O-O-O Bb7 10. e4 Re8 11. Kb1 Nxe4 12. Nxe4 Bxe4 13. Qxe4 Bxg5 14.
Bb5 Be7 15. Ne5 Nf6 16. Qf3 Rf8 17. Bc6 Rb8 18. d5 Bd6 19. dxe6 fxe6 20. Qb3
Qc8 21. Rhe1 Kh8 22. Qh3 Bxe5 23. Rxe5 Rd8 24. Rde1 Rd6 25. Rxe6 Rxe6 26. Qxe6
Qd8 27. Kc2 Qd4 28. Qe3 Qc4+ 29. Qc3 Qxa2 30. Re7 Rd8 31. g4 h6 32. f4 Qg8 33.
h3 Qf8 34. Qe5 Qg8 35. Qc3 Qf8 36. Qe5 1/2-1/2

[Event "GBR-ch79"]
[Site "Plymouth"]
[Date "1992.08.05"]
[Round "3.17"]
[White "Ansell, Simon"]
[Black "Milligan, Helen"]
[Result "1-0"]
[WhiteElo "2305"]
[BlackElo "2030"]
[PlyCount "91"]
[EventDate "1992.08.03"]
[EventType "swiss"]
[EventRounds "11"]
[EventCountry "GBR"]
[SourceTitle "BritBase"]
[Source "John Saunders"]
[SourceDate "2020.10.09"]
[SourceVersion "1"]
[SourceVersionDate "2020.10.09"]
[SourceQuality "1"]

1. e4 e5 2. Bc4 Nf6 3. d3 Nc6 4. Nf3 Be7 5. O-O O-O 6. c3 d6 7. Bb3 Bg4 8. Re1
Nd7 9. Nbd2 Nc5 10. Bc2 Ne6 11. h3 Bh5 12. Nf1 Ng5 13. Bxg5 Bxg5 14. Ng3 Bxf3
15. Qxf3 Qf6 16. Qe2 g6 17. Nf1 Nd8 18. g3 h5 19. h4 Bh6 20. Ne3 c6 21. b4 Ne6
22. Bb3 a5 23. bxa5 Rxa5 24. Nc4 Rc5 25. a4 Rd8 26. a5 Nc7 27. Rad1 Nb5 28. Qb2
d5 29. exd5 cxd5 30. Nxe5 Nxc3 31. Ra1 Rcc8 32. d4 Qd6 33. Bc2 Qc7 34. Bd3 Bg7
35. f4 Re8 36. Rec1 Bxe5 37. fxe5 Re6 38. Qf2 Qe7 39. Rc2 Rec6 40. Rf1 R8c7 41.
Qd2 Qb4 42. Qf4 Ne4 43. Rxc6 Qxd4+ 44. Kg2 bxc6 45. e6 Qa7 46. exf7+ 1-0